000 00670nas1a22002291i 4500
001 RU\NLR\INFOCOMM_94\5000003189
005 20240726075304.0
035 _a(NLR Aleph) 003829578
090 _a3683896
_c3683896
100 _a20060404c1927 |||y0rusy50 ba
101 0 _ager
102 _aRU
110 _azyuz|||0|y|
200 1 _aNachrichtenblatt
_fHrsg. vom Kom. zum Empfang der ausländischen Delegationen
210 _aMoskau
_d1927
710 0 1 _aUdSSR
_bKomitee zum Empfang der ausländischen Delegationen
_4070
801 1 _aRU
_bInfoComm
_c20060404
801 0 _aRU
_bNLR
_gPSBO
852 _aNLR
_bГаз. отд.
_jIV-211
942 _cSE
980 _aINPER